Statistics for managers using Microsoft Excel / (Record no. 7487)

MARC details
000 -LEADER
fixed length control field 01095pam a2200313 4500
001 - CONTROL NUMBER
control field 8639
003 - CONTROL NUMBER IDENTIFIER
control field OCoLC
005 - DATE AND TIME OF LATEST TRANSACTION
control field 20181127190424.0
008 - FIXED-LENGTH DATA ELEMENTS--GENERAL INFORMATION
fixed length control field 981029s1999 njua b 001 0 eng
010 ## - LIBRARY OF CONGRESS CONTROL NUMBER
LC control number 98043644
020 ## - INTERNATIONAL STANDARD BOOK NUMBER
International Standard Book Number 0130203122
International Standard Book Number 0137956185
100 1# - MAIN ENTRY--PERSONAL NAME
Personal name Levine, David M.,
Dates associated with a name 1946-
245 10 - TITLE STATEMENT
Title Statistics for managers using Microsoft Excel /
Statement of responsibility, etc. David M. Levine, Mark L. Berenson, David Stephan
250 ## - EDITION STATEMENT
Edition statement 2nd ed
260 ## - PUBLICATION, DISTRIBUTION, ETC.
Place of publication, distribution, etc. Upper Saddle River, N.J. :
Name of publisher, distributor, etc. Prentice Hall,
Date of publication, distribution, etc. 1999
300 ## - PHYSICAL DESCRIPTION
Extent xxix, 1069, [35] p. :
Other physical details ill. ;
Dimensions 26 cm +
Accompanying material computer disk
500 ## - GENERAL NOTE
General note Alden stacks copy: Computer disk not available
504 ## - BIBLIOGRAPHY, ETC. NOTE
Bibliography, etc. note Includes bibliographical references and index
630 00 - SUBJECT ADDED ENTRY--UNIFORM TITLE
Uniform title Microsoft Excel (Computer file)
650 #0 - SUBJECT ADDED ENTRY--TOPICAL TERM
Topical term or geographic name entry element Commercial statistics
Topical term or geographic name entry element Commercial statistics
General subdivision Computer programs
Topical term or geographic name entry element Electronic spreadsheets
Topical term or geographic name entry element Management
General subdivision Statistical methods
Topical term or geographic name entry element Management
General subdivision Statistical methods
-- Computer programs
700 1# - ADDED ENTRY--PERSONAL NAME
Personal name Berenson, Mark L
Personal name Stephan, David
Holdings
Withdrawn status Lost status Source of classification or shelving scheme Damaged status Not for loan Collection code Home library Current library Shelving location Serial Enumeration / chronology Inventory number Total Checkouts Full call number Barcode Date last seen Price effective from Koha item type
    Dewey Decimal Classification     Main TEST RTC Library RTC Library Main opac 13117   519.5 LEV 30013645 27/11/2018 27/11/2018 Main
    Dewey Decimal Classification     Desk RTC Library RTC Library Desk     519.5 LEV 30013048 27/11/2018 27/11/2018 Desk (DVD/CD)
Royal Thimphu College || All Right Reserved